000 00325nam a2200133Ia 4500
999 _c532166
_d532166
005 20191111153123.0
008 190125s9999 xx 000 0 und d
040 _cDLC
100 _aAli Nawazish Shah
_925501
245 _aPathay
260 _bLahore
_aIlm o Irfan Publishers
_c2014
300 _a207,p. :
942 _2ddc
_cBK